| 000 | 00401pab a2200157 454500 | ||
|---|---|---|---|
| 008 | 180718b2004 xxu||||| |||| 00| 0 eng d | ||
| 100 | _aRichardson, Alan | ||
| 245 | _aRobert K. Merton and philosophy of science | ||
| 260 | _c2004 | ||
| 300 | _ap.855-58. | ||
| 362 | _aDec | ||
| 650 | _aSociology of science | ||
| 650 | _aMerton, Robert K. | ||
| 773 | _aSocial Studies of Science | ||
| 909 | _a63962 | ||
| 999 |
_c63962 _d63962 |
||